[Event "New York op"]
[Site "New York"]
[Date "1998.03.19"]
[Round "6"]
[White "Akopian, Vladimir Eduardovic"]
[Black "Novikov, Igor A"]
[Result "1/2-1/2"]
[WhiteElo "2660"]
[BlackElo "2550"]
[Annotator "Ribli,Z"]
[PlyCount "56"]
[EventDate "1998.03.16"]
[EventType "swiss"]
[EventRounds "9"]
[EventCountry "USA"]
[SourceTitle "CBM 064"]
[Source "ChessBase"]
[SourceDate "1998.06.02"]
[SourceVersion "1"]
[SourceVersionDate "1998.06.02"]
[SourceQuality "1"]

1. c4 e6 2. g3 d5 3. Bg2 c6 {Dieser Slawische Aufbau ist in letzter Zeit sehr
populär. Der schwarze c8-Läufer hat in der Regel Entwicklungsprobleme, aber
die Stellung ist sehr fest. Ribli.} (3... dxc4 $5) 4. Qc2 (4. b3 dxc4 5. bxc4
Qd4 {[%cal Rd4a1,Rd4c4] Schwarz gewinnt einen Bauern, aber nach 6.Nc3 erlangt
Weiß etwas Initiative und Entwicklungsvorteil. Trotzdem erscheint mir der
Partiezug besser.}) 4... dxc4 {Mit dieser Fortsetzung gibt Schwarz seine
Zentrumsstellung auf, aber mit folgendem ...b7-b5 und ...Bc8-b7 entwickelt er
den Läufer und wenn ...c6-c5 möglich wird, hat er Ausgleich.} 5. Qxc4 b5 6. Qb3
(6. Qc2 Bb7 7. a4 (7. d3 Nf6 8. Nc3 a6 9. a4 Be7 10. Nf3 Nbd7 11. O-O O-O 12.
Rd1 Rc8 13. e4 Qb6 14. axb5 axb5 15. d4 c5 16. d5 exd5 17. e5 d4 18. exf6 Nxf6
$44 {Kortschnoj,V-Shirov,A/Biel 1992/0-1 (53)}) (7. Nc3 Qb6 8. Nf3 Nd7 9. d4
Ngf6 10. O-O c5 11. dxc5 Bxc5 12. Qb3 Ng4 13. e3 a6 14. Qd1 Rd8 15. Qe2 O-O 16.
Bd2 Bc6 17. a3 Qb7 {Galego,L-Novikov,I/Benasque op 1996/0-1 (45)}) (7. Nf3 Nd7
8. O-O Ngf6 9. b3 Be7 10. Bb2 O-O 11. Nc3 a6 12. Ne4 Nxe4 13. Qxe4 Rb8 14. Ne5
Nxe5 15. Bxe5 c5 16. Qg4 Bf6 17. Bxb8 Bxg2 18. Kxg2 Bxa1 19. Rxa1 Qxb8 20. Qe4
{1/2-1/2 Makarov,M-Novikov,I/St.Petersburg op 1995}) 7... a6 8. Nc3 Nd7 9. axb5
axb5 10. Rxa8 Qxa8 11. Nf3 Ngf6 12. O-O Be7 13. b3 O-O 14. Bb2 Rc8 15. Ra1 Qb8
$11 {Bareev,E-Shirov,A/Madrid 1994/0-1 (41)}) 6... Bb7 7. a4 a6 8. Nc3 (8. axb5
axb5 9. Rxa8 Bxa8 10. Qa2 (10. Nf3 Nf6 11. O-O Be7 12. d4 O-O 13. Bg5 Qb6 14.
Nc3 Nbd7 15. Rc1 h6 16. Bxf6 Bxf6 17. Qb4 c5 18. dxc5 Qxc5 19. Qxc5 Nxc5 20.
Nxb5 Nb3 21. Rd1 Rb8 22. Nc3 Nc5 23. Ra1 Bxf3 24. Bxf3 Rxb2 {1/2-1/2 Cekro,
E-Chuchelov,V/Brussels op 1995}) (10. Nc3 Nd7 $11 (10... Nf6 11. Nxb5 $16))
10... Bb7 11. Qa7 Qc8 12. d4 Bd6 13. Nh3 Na6 14. Bf4 Bxf4 15. Nxf4 Qc7 16. Nd3
Nf6 17. Nc5 Nxc5 18. Qxc5 Nd7 19. Qg5 O-O 20. O-O e5 21. dxe5 Nxe5 22. Nc3 f6
23. Qe3 Nc4 24. Qc5 $14 {1/2-1/2 Poldauf,D-Tregubov,P/Open 1997 (57)}) 8... Nd7
(8... b4 $5 {Der weiße Springer auf c3 hängt noch nicht, aber nach z.B. ...Nd7
muß er ziehen. Das Problem ist der geschwächte schwarze Damenflügel.}) 9. d3
Ngf6 10. Nf3 Be7 11. O-O O-O $11 {Schwarz hat eine solide Stellung ohne
Entwicklungsprobleme oder Schwächen.} 12. Be3 Ng4 $5 (12... b4 $5 13. Nb1 {
[%cal Gb1d2,Gd2c4]}) 13. Bf4 Qb6 {[%cal Gb6g1] Es droht nichts auf der
Diagonalen a7-g1, aber die Anwesenheit der Dame auf b6 ist für Weiß unangenehm.
} 14. h3 (14. a5 {Weiß gewinnt mit diesem Zug ein Tempo, aber der a5-Bauer ist
eine potentielle Schwäche.} Qd8 15. d4 c5 $11) 14... Ngf6 15. Be3 c5 $1 {
[%csl Gb7][%cal Gb7h1] Schwarz opfert einen Bauern, aber Weiß kann den
Materialvorteil nicht behaupten.} 16. axb5 {Sonst spielt Schwarz 16...Bc6 und
17...Qb7 mit Druck in der langen Diagonalen.} Nd5 17. Bg5 (17. Nxd5 Bxd5 18.
Qc2 axb5 $11) (17. Rfb1 $6 axb5 (17... Nxc3 18. bxc3 axb5 19. Rxa8 Rxa8 20.
Qxb5 Qxb5 21. Rxb5 $16) 18. Qxb5 (18. Nxb5 Rxa1 19. Rxa1 Bc6 $19 {[%cal Gb6b3]}
) 18... Nxc3 $5 (18... Rxa1 19. Rxa1 Nxc3 20. Qxd7 Nxe2+ 21. Kf1 Bf6 $15) 19.
bxc3 (19. Qxd7 Nxb1 $17) (19. Qxb6 Nxe2+ 20. Kf1 Nxg3+ 21. fxg3 Nxb6 $17) 19...
Qxb5 $19) 17... Bxg5 18. Nxg5 Nxc3 19. Qxc3 (19. bxc3 Bxg2 20. Kxg2 axb5 $11)
19... Bxg2 20. Kxg2 axb5 {Nach den Vereinfachungen haben wir eine gleiche
Stellung. Der schwarze c5-Bauer in der halb-offenen Linie ist nur theoretisch
schlecht, Schwarz kann das leicht verteidigen.} 21. Ne4 c4 22. Rxa8 Rxa8 23.
dxc4 (23. d4 $6 Qc6 24. f3 Nb6 $15 {Schwarz erlangt gefährliche Initiative am
Damenflügel.}) 23... bxc4 (23... Qc6 $2 24. Qf3 {[%cal Gf3a8]} Ne5 (24... Qxc4
$2 25. Nf6+ $18) (24... bxc4 25. Nf6+ $18 {[%cal Rf3c6]}) 25. cxb5 Qd5 26. Nc3)
24. Qxc4 Qxb2 25. Qc6 Nb6 (25... Rd8 $2 26. Rd1 $18 {[%cal Rd1d8]}) 26. Ng5 h6
(26... Qd4 $11) 27. Qe4 hxg5 28. Rb1 Ra4 {Und in völlig gleicher Stellung
wurde Remis vereinbart.} (28... Ra4 29. Qd3 (29. Rxb2 Rxe4 30. Rxb6 Rxe2 $15 {
Mit gutem Spiel kann Weiß das Remis halten, aber Schwarz hat leichten Vorteil.}
) 29... Qd4 30. Qxd4 Rxd4 31. Rxb6 $11) (28... Qf6 29. Rxb6 $14 {Der
Doppelbauer bietet Weiß nur theoretischen Vorteil. Ribli.}) 1/2-1/2

[Event "Mataro GM 1st"]
[Site "Mataro"]
[Date "2004.12.27"]
[Round "2"]
[White "Narciso Dublan, Marc"]
[Black "Gonzalez Garcia, Jose"]
[Result "1-0"]
[WhiteElo "2487"]
[BlackElo "2447"]
[Annotator "Ribli,Z"]
[PlyCount "89"]
[EventDate "2004.12.26"]
[EventType "tourn"]
[EventRounds "9"]
[EventCountry "ESP"]
[EventCategory "9"]
[SourceTitle "CBM 106"]
[Source "ChessBase"]
[SourceDate "2005.06.06"]
[SourceVersion "1"]
[SourceVersionDate "2005.06.06"]
[SourceQuality "1"]

1. c4 e6 2. g3 d5 3. Bg2 g6 {Eine selten gespielte Variante. Seinerzeit befand
der ungarische Großmeister Maroczy, dass die Züge e6 und g6 in der
Eröffnungpshase nicht gut sind. Heutzutage ist die Eröffnungstheorie zwar
weiter fortgeschritten, dennoch stellt diese Variante nicht die beste
Möglichkeit für Schwarz dar.} 4. Nf3 Bg7 5. O-O Ne7 6. d4 Nbc6 7. e3 (7. cxd5
exd5 8. Nc3 O-O 9. Bf4 (9. Bg5)) 7... O-O 8. Na3 {Auf diese Weise verteidigt
Weiß seinen c4-Bauern und plant Bd2, b2-b4. Nach meiner Meinung kommen auch
andere Springerzüge in Betracht.} (8. Nc3 dxc4 $5 9. Qa4 e5) (8. Nbd2) 8... b6
9. Bd2 Bb7 {Ein schablonenhafter Entwicklungszug; es wäre besser zuerst mit 9..
.a5!? fortsetzen, wonach Schwarz seinen Läufer auf a6 positionieren kann} (9...
a5 $5 10. Qb3 Ba6 11. Rfd1 (11. Rac1 Nb8 12. Rfd1 Nd7 13. Qc2 c6 14. e4 Rc8 15.
Bf4 Nf6 16. e5 Nd7 {1/2-1/2 Vallejo Pons,F-Giorgadze,G/Mondariz ESP 2002/(46)})
11... Qd7 12. Rac1 Rfc8 (12... Rfd8 13. Be1 Rac8 (13... h6 14. h4 Rab8 15. Bh3
f5 16. Bf1 Bb7 17. cxd5 exd5 18. Nb5 Ra8 19. a3 {1/2-1/2 Taylor,P-Rashkovsky,N/
MTO, Biel 2003 (64)}) 14. Bh3 f5 15. Bf1 Nb8 16. cxd5 exd5 17. Nb5 c6 18. Nc3
Bxf1 19. Kxf1 Qb7 20. Ne2 Qa6 21. Qa3 Bf6 22. Rc2 Kf7 23. Qd3 {1-0 Kortschnoj,
V-Ponomariov,R/Cannes 1998/CBM 65 (54)}) 13. Be1 h6 14. Bh3 f5 15. Bf1 g5 16.
Nb5 g4 17. Nh4 Nd8 18. a4 Nf7 19. Rc2 c6 20. Na3 Rcb8 21. Ng2 Ng5 {1/2-1/2
Wahls,M-Lau,R/Bundesliga 2003 (21)}) 10. Rc1 (10. b4 $5 $14) 10... Nf5 (10...
a5 $5) 11. b4 $14 {[%csl Gb4,Gc4,Gd4] Weiß besitzt deutliche Initiative am
Damenflügel.} a6 {Auf diese Weise verteidigt sich Schwarz gegen 12.b5.} (11...
a5 12. b5 Nb4 13. Qb3 Nd6 14. Bxb4 axb4 15. Qxb4 dxc4 16. Nxc4 Rxa2 17. Nfe5
$14) 12. Qb3 Nd6 13. Rfd1 (13. c5 Ne4 14. cxb6 cxb6 15. b5 axb5 16. Nxb5 $11)
13... b5 (13... Ne4) 14. cxd5 exd5 15. Nc2 {Weiß verbessert seine
Springerstellung und a2-a4 kann folgen.} Nc4 {[%csl Rb7,Gc4,Yc5] Der schwarze
Springer steht ausgezeichnet auf c4, aber das Feld c5 ist eine potentielle
Schwäche in der schwarzen Stellung und der Bb7 steht passiv.} 16. Nce1 {
[%csl Yc5][%cal Ge1d3,Gd3c5][%mdl 32] Weiß bereitet das Springermanöver
Nd3-Nc5 vor.} Qf6 (16... Qe7) 17. Nd3 Rad8 18. Bc3 Qe7 19. a4 (19. Nc5 Bc8 $14)
19... Bc8 20. Ra1 Rfe8 21. Nc5 f6 22. Re1 Qf7 23. Nd2 $1 {Mit dem Textzug kann
Weiß den c4-Springer entweder verjagen oder tauschen.} Nb6 (23... Nxd2 24. Bxd2
Ne7 25. axb5 axb5 26. Ra7 $16) (23... Nb8 $14) 24. Bf1 {[%cal Gf1a6]} Nc4 {
23...Nb6 erscheint mir weniger logisch, aber Schwarz hat Probleme mit seinem
Damenflügel.} (24... bxa4 25. Nxa4 $16) 25. Nxc4 dxc4 26. Qb2 f5 27. axb5 (27.
Bg2 $1 Ne7 28. axb5 axb5 29. Ra5 c6 30. Ra7 $16) 27... axb5 28. f3 $6 {Es wäre
sinnvoller, den Läufer zuerst auf g2 zu positionieren} Rd6 29. Rad1 {Weiß
bereitet 30.e4 vor, aber Schwarz kontrolliert den d4-Bauern.} Red8 30. Bg2 g5 {
[#]} 31. d5 $5 {Weiß opfert einen Bauern, um die Stellung zu öffnen.} (31. f4
gxf4 32. gxf4 Ne7 $11) 31... Bxc3 (31... Rxd5 32. Rxd5 Rxd5 33. f4 Rd6 34. fxg5
$14) 32. Qxc3 Qg7 $1 {[%cal Gd8d1][%mdl 256] Der Rd1 steht in der Fesselung,
sodass der Springer das Feld c6 noch nicht verlassen muss.} (32... Rxd5 33.
Rxd5 Qxd5 (33... Rxd5 34. f4 Rd6 35. fxg5 $14) 34. f4 Qd6 35. fxg5 $14 {
[%csl Gc5,Gg2]} (35. Bf3 {[%cal Re1d1,Rd1d7]} gxf4 36. gxf4 Ne7 37. Kh1 $44))
33. Qa3 Ne5 (33... Rxd5 $2 34. Rxd5 Rxd5 35. f4 Rd6 (35... Ne7 36. Bxd5+ Nxd5
37. Rd1 $18) 36. Bxc6 Rxc6 37. Qa8 $18 {[%cal Ra8c6,Ra8c8]}) 34. f4 Ng4 (34...
gxf4 35. exf4 $14) 35. Bf3 Nf6 36. Qa5 g4 37. Bg2 (37. Be2) 37... c6 $1 $15 {
[%cal Gd8d1] Schwarz verteidigt den b5-Bauern und greift gleichzeitig d5 an.}
38. e4 fxe4 39. Nxe4 Nxe4 40. Rxe4 cxd5 $6 {Weiß erhält durch sofortiges
Nehmen des Bauerns von Schwarz ausgezeichnetes Spiel.} (40... Rxd5 41. Qxd8+
Rxd8 42. Rxd8+ Kf7 43. Rxc8 $18 (43. Re5 Be6 44. Bxc6 $18)) (40... Qf6 $1 $17)
41. Re5 $36 {[%csl Ga5,Gd1,Rd5,Ge5,Gg2][%cal Re5g5,Rg5g8] Es droht 42.Rg5 und
gleichzeitig ist der Pd5 angegriffen.} c3 42. Rdxd5 Qf6 (42... Rxd5 43. Bxd5+
$18 (43. Rxd5 $18)) 43. Qc7 $1 Rxd5 (43... c2 44. Rxd6 c1=Q+ 45. Qxc1 Qxd6 46.
Bd5+ Kf8 47. Qc3 $18) 44. Bxd5+ Kh8 45. Qxc3 $18 1-0

[Event "RUS-Cup01 Chigorin Memorial"]
[Site "St Petersburg"]
[Date "1997.11.07"]
[Round "7"]
[White "Obukhov, Alexander"]
[Black "Lugovoi, Aleksei"]
[Result "0-1"]
[WhiteElo "2405"]
[BlackElo "2520"]
[Annotator "Ribli,Z"]
[PlyCount "119"]
[EventDate "1997.11.01"]
[EventType "swiss"]
[EventRounds "9"]
[EventCountry "RUS"]
[SourceTitle "CBM 062"]
[Source "ChessBase"]
[SourceDate "1998.01.31"]
[SourceVersion "1"]
[SourceVersionDate "1998.01.31"]
[SourceQuality "1"]

1. Nf3 Nf6 2. c4 e6 3. g3 a6 4. Bg2 b5 5. b3 c5 {Das ist präziser als die
sofortige Läuferentwicklung. Ribli.} (5... Bb7 $6 6. Nc3 $1 $14 {[%csl Rb5]} b4
7. Na4 Be7 8. O-O O-O 9. d4 d6 {Permjakov,V-Krivonosov,O/LAT-ch/1994/}) 6. Nc3
{Weiß provoziert den 6...b4. Wenn Schwarz sich zu b5-b4 gezwungen sieht,
verliert sein Damenflügel an Elastizität.Ribli.} (6. Ne5 Ra7 (6... Qc7 7. Bxa8
Qxe5 8. d4 $16) (6... d5 7. cxd5 exd5 8. d4 $14)) 6... Qb6 7. O-O Bb7 8. Rb1 (
8. Bb2 Be7 9. d4 $5 (9. e3 O-O 10. Qe2 Ne4 11. Nxe4 Bxe4 12. d3 Bb7 13. Rfd1 d6
14. d4 Nd7 15. d5 exd5 16. cxd5 Bf6 17. Nh4 Rae8 18. a4 b4 19. a5 Qd8 20. Nf5
Bxb2 21. Qxb2 Nf6 22. g4 Bc8 {Suba,M-Ionov,S/Vendrell op 1996/0-1 (45)}) 9...
cxd4 10. Qxd4 Qxd4 11. Nxd4 Bxg2 12. Kxg2 Nc6 (12... bxc4 13. bxc4 d6 14. Na4
Nbd7 15. Rfd1 Rc8 16. Rac1 O-O 17. Nb3 Ne4 18. Bd4 Rfd8 19. f3 Nec5 20. Naxc5
Nxc5 21. Nxc5 dxc5 22. Be3 {Andersson,U-Kengis,E/Erevan olm 1996/1-0 (75)}) 13.
Rfd1 Rb8 14. Nxc6 dxc6 15. cxb5 cxb5 16. e3 O-O 17. Ne2 Rfc8 18. Rac1 Rxc1 19.
Rxc1 Nd5 20. Nf4 Nxf4+ 21. exf4 Rd8 22. Rc6 Rd6 23. Rc7 Bf6 24. Be5 Rd2 25. Ra7
h5 26. Bxf6 gxf6 27. Rxa6 {1-0 Marin,M-Ionov,S/Benasque op 1997 (40)}) (8. e3
Be7 9. Qe2) 8... Be7 9. d3 (9. d4 cxd4 10. Qxd4 Qxd4 11. Nxd4 Bxg2 12. Kxg2 Nc6
13. Nxc6 dxc6 14. Bf4 Bb4 {1/2-1/2 Andersson,U-Karpov,A/Biel SKA 1996/CBM 55})
9... Bc6 {Der Läuferzug ist mit folgenden Ideen verbunden: Es droht in einigen
Varianten b5-b4 (der Zug Na4 ist weniger gut), und vielleicht spielt Schwarz
Qb7 mit Spiel auf der Diagonale.} (9... d6 $5 10. cxb5 axb5 11. b4) 10. Qc2 O-O
(10... b4 11. Ne4 Nxe4 12. dxe4 {Weiß hat zwar einen Doppelbauern, aber der
Pe4 schränkt die Möglichkeiten von Schwarz ein und ist somit Garant für
leichten Vorteil.}) 11. a4 b4 12. Ne4 d5 $13 (12... Nxe4 13. dxe4 d6) 13. cxd5
exd5 14. Ned2 $5 {Weiß tauscht den Springer nicht ab, sondern möchte ihn auf
c4 platzieren. Die aktiv wirkende schwarze Stellung hat auch ihre Schwächen,
da die Bauernstellung leicht kompromittiert ist.} (14. Nxf6+ Bxf6 15. Bb2 Bxb2
16. Qxb2 Nd7 17. d4 $14) 14... Nbd7 15. e4 $14 {Früher oder später muß Schwarz
auf e4 tauschen, und auf c4 entsteht ein Loch, das vom weißen Springer
eingenommen wird.} Rfe8 16. Bb2 Nf8 17. Nh4 $1 {[%cal Rh4f5]} dxe4 (17... Rad8
18. Nf5 $14 {[%csl Gb2,Gf5]}) 18. dxe4 {Jetzt hat Weiß nicht nur positionellen
Vorteil, sondern - dank des Bb2 und des Nh4 - auch Angriffschancen am
Königsflügel.} N6d7 19. Nf5 Ne6 (19... Bf6 $5 20. Nc4 Qc7 $14 {[%csl Gc4]}) 20.
Nc4 Qc7 21. Nxe7+ $6 {Weiß besitzt nach dieser Fortsetzung die besseren
Aussichten, meiner Meinung nach wäre es jedoch besser, mit diesem Tausch zu
warten.} (21. Rbd1 $16 {Weiss hat schoene Position,und dominiert am ganzen
Brett.}) 21... Rxe7 22. Ne3 (22. f4 Nd4 23. Bxd4 cxd4 {Positionell steht Weiß
besser, aber Schwarz bekommt einige taktische Gegenchancen..}) 22... Ree8 23.
Nd5 {[%csl Gb2,Gd5,Gg2] Das Läuferpaar auf den großen Diagonalen und der
zentralisierte Nd5 bedeuten positionellen Vorteil für Weiß.} Qb7 24. Rbd1 Rac8
25. Qc4 (25. f4 Nd4 $132) 25... Nb6 26. Nxb6 Qxb6 27. Rd6 {[%csl Gd6]} Rcd8 28.
Rfd1 Rxd6 29. Rxd6 Qc7 (29... Rd8 {Meiner Meinung nach wäre es aus schwarzer
Sicht logisch, den starken Rd6 zu tauschen.} 30. Rxd8+ (30. Qd3 Rxd6 31. Qxd6
Qc7) 30... Nxd8 31. f4 $14) 30. e5 (30. Rd2 Rd8) 30... Bxg2 31. Kxg2 {[%csl
Ra6]} Qb7+ 32. f3 a5 33. h4 {Weiß besitzt Raumvorteil, während die schwarzen
Bauern am Damenflügel schwach und auf der Farbe des weißen Läufers festgelegt
sind. Trotzdem gelingt es dem schwarzen Springer, die schwarze Stellung zu
halten. Weiß möchte zuerst versuchen, seine Chancen am Königsflügel zu
verbessern.} h6 34. Kf2 Rc8 35. Rd5 (35. f4 $6 Qh1 $132 {[%csl Rf2,Gh1]}) 35...
Qc6 36. Rd6 (36. f4 Rd8 (36... Nc7 $6 37. Rxc5 $16) 37. Rxd8+ Nxd8 38. Bd4 Ne6)
36... Qb7 37. g4 Qe7 38. Kg3 {Stufenweise verbessert Weiß seine Stellung. Aber
der Vormarsch mit Bauern und König hat auch seine Schattenseite - die weiße
Königsstellung kann leichter geschwächt werden.} Rc7 39. Qd3 Nf8 40. Qd5 Ne6
41. Qa8+ {Weiß nutzt die Gelegenheit und gewinnt einen Bauern.} (41. h5 Qg5 42.
Qe4) (41. f4 $14) 41... Kh7 42. Qxa5 h5 43. g5 $2 (43. Qa8 $16 {[%cal Ga8e4]
Mit diesem Zug kompromittiert Weiß seine Königsstellung nicht und kann mit
seinem Mehrbauern zufrieden sein.}) 43... g6 {[%csl Rd6,Ge6,Rg3][%cal Ge6g7,
Gg7f5] Schwarz räumt das Feld g7 für das Springermannöver e6-g7-f5.} 44. Kh3 c4
$1 $13 {Der weiße Materialvorteil hat nun keine große Bedeutung mehr - die
Linien werden für Schwarz geöffnet, und der weiße König findet keine Ruhe.} 45.
Qxb4 Nf4+ 46. Kg3 Nd3 $17 47. Qc3 Nxb2 48. f4 (48. Qxb2 c3 49. Qc2 (49. Qa3 c2
$19) 49... Qxe5+ $19) 48... Nd3 49. b4 $5 {Die einzige echte Gegenchance. Weiß
hat zwei Bauern für den Springer, und dem scheinbar aktiven Springer fehlen
jetzt die guten Felder. Zudem droht Weiß, seine Bauern zu mobilisieren.} {[#]}
Nxb4 $1 50. a5 (50. Qxb4 c3 51. Qa3 c2 52. Qc1 Rc3+ {[%csl Rg3]} 53. Kh2 Qa7 {
[%csl Rh2][%cal Ra7f2]} 54. Rd2 Qe3 $19) 50... Nd3 51. a6 Nc5 52. Qxc4 {
Weiss hat zwei Bauern für die Figur, aber seine Königsstellung ist immer
geschwächt.} Ne6 53. Qd3 Ng7 {[%csl Rd6,Rg3,Gg7][%cal Rg7f5]} 54. Rb6 Qc5 {
[%csl Rg3][%cal Rc5b6,Rc5g1] Die schwere Artillerie von Schwarz greift ins
Spiel ein und entscheidet die Partie.} 55. Rb2 Qa5 (55... Qg1+ 56. Rg2 Nf5+ $19
) 56. Kg2 Nf5 {[%csl Gf5]} 57. Rb7 Rc2+ $19 {Die weiße Königsstellung ist
nicht mehr zu verteidigen. Mit dieser kleinen Kombination verschafft sich
Schwarz entscheidenden Vorteil.Ribli.} 58. Qxc2 {Die anderen Züge helfen auch
nicht mehr.} Ne3+ 59. Kg3 Nxc2 60. a7 {Und Weiß gab gleichzeitig auf, da
Schwarz auch noch den Turm gewinnt.} (60. a7 Qe1+ 61. Kh2 (61. Kf3 Qh1+ $19)
61... Qf2+ 62. Kh1 (62. Kh3 Qf3+ $19) 62... Qf3+ $19) (60. Rxf7+ Kg8 $19) 0-1

[Event "FIDE-Wch k.o."]
[Site "Groningen"]
[Date "1997.12.10"]
[Round "1.5"]
[White "Gulko, Boris F"]
[Black "Aleksandrov, Aleksej"]
[Result "0-1"]
[WhiteElo "2580"]
[BlackElo "2660"]
[Annotator "Ribli,Z"]
[PlyCount "90"]
[EventDate "1997.12.09"]
[EventType "k.o."]
[EventRounds "7"]
[EventCountry "NED"]
[SourceTitle "CBM 063"]
[Source "ChessBase"]
[SourceDate "1998.03.26"]
[SourceVersion "1"]
[SourceVersionDate "1998.03.26"]
[SourceQuality "1"]

1. c4 Nf6 2. g3 e6 3. Bg2 d5 4. Nf3 {Es ist stets eine schwierig Sache,
theoretische Varianten miteinander zu vergleichen, aber nach meiner Meinung
bietet die Fortsetzung 4.d4 Weiß bessere Chancen als die Partiefortsetzung.
Ribli.} dxc4 5. Qa4+ Nbd7 6. Qxc4 a6 7. O-O $6 {War das ein Fingerfehler? Nur
Damenzüge bieten dem Weißen Chancen, denn dann kommt 7...b5 nicht mit Tempo.
Aber wir dürfen nicht vergessen, daß es sich um eine Blitzpartie handelt.} (7.
Qc2 $5 c5 8. Nc3 (8. O-O b6 9. b4 $5 $146 Bb7 10. bxc5 Rc8 11. Nc3 Bxc5 12. Qb3
O-O 13. a4 Qc7 14. Bb2 Bxf3 15. Bxf3 Ne5 16. Ne4 Nxf3+ 17. Qxf3 Nxe4 18. Qxe4
$11 {Akopian,V-Piket,J/Madrid 1997}) 8... Ra7 9. O-O b6 $5 $146 10. d4 Bb7 11.
e4 cxd4 12. Nxd4 Bc5 13. Rd1 Qa8 14. Nb3 $14 {1/2-1/2 Vaganian,R-Yusupov,A/
Riga 1995 (26)}) (7. d3 b5 8. Qc6 Rb8 9. Bf4 Nd5 10. Bg5 Be7 11. Bxe7 Qxe7 12.
O-O Bb7 13. Qc2 O-O 14. a4 c5 15. axb5 axb5 16. Nc3 Rfc8 $11 {Salov,V-Timman,J/
FIDE-cm3 1994/0-1 (67)}) (7. Qb3 $5 Rb8 8. a4 c5 9. d3 Bd6 10. a5 $14 {Sorokin,
M-Sveshnikov,E/Moscow Alekhine op/1992/}) 7... b5 8. Qc2 (8. Qc6 Rb8 $11 {
Und Schwarz spielt 9...Bb7 nebst 10...c5.}) 8... Bb7 9. b3 (9. a4 c5 10. d3 Be7
11. Nc3 Qb6 12. axb5 axb5 13. Rxa8+ Bxa8 14. Qb3 {Weiß befragt die schwarze
Bauernstellung am Damenflügel.} (14. Bf4 O-O 15. Ra1 Bb7 16. Ne5 Nxe5 17. Bxe5
Nd5 $11) 14... Nd5 $11 15. Qxb5 $2 (15. Nxb5 $6 Bc6 {[%cal Gb6b3]} 16. e4 $13)
15... Nxc3 $19) 9... c5 10. Bb2 Be7 11. d3 O-O $11 {Schwarz besitzt eine
angenehme Stellung ohne Probleme. Weiß hat eine feste Igelstellung, aber keine
Aussicht auf Eröffnungsvorteil.} 12. a4 $6 {Weiß möchte schwarze Schwächen am
Damenflügel provozieren, aber in Wirklichkeit wird der Punkt b4 schwach.} (12.
Nbd2 Rc8 $11) 12... Nd5 $15 {[%csl Rb4][%cal Rd5b4]} 13. Nbd2 Nb4 14. Qc1 (14.
Qb1) 14... Nf6 {In einigen Varianten kann der b4-Springer vom anderen Springer
unterstützt werden.} (14... Bf6 {Dieser Zug hilft nur dem Weißen, der die
Stellung vereinfachen kann.}) 15. Qb1 {Ich bin überzeugt, daß Gulko in einer
Partie mit normaler Bedenkzeit viel besser spielt.} h6 16. Rc1 Qb6 {[%cal
Gb6g1] Die Dame ist sehr gut auf b6 plaziert, schielt schon in Richtung des
weißen Königs.} 17. Be5 Ng4 {[%cal Gg4f2]} 18. Bc3 Nd5 (18... c4 $2 19. Bd4 Bc5
20. Bxc5 Qxc5 21. d4 $16) 19. Bb2 Rac8 20. h3 {Weiß verjagt den schwarzen
Springer, schwächt aber seine Königsstellung.} Ngf6 21. Ne5 Rfd8 {Mit
einfachen Entwicklungszügen verbessert Schwarz seine Stellung.} 22. Ndf3 Nb4
23. axb5 $6 {Weiß verliert die Geduld, denn die Öffnung der a-Linie ist zum
Vorteil des Schwarzen.} (23. e3 $5 {mit der Idee d3-d4 wäre interessant, aber
Weiss hatte Angst vor der Schwäche des d-Bauern.}) 23... axb5 24. Bc3 Nfd5 25.
Bb2 Ra8 {[%csl Ga8]} 26. Rxa8 (26. d4 Rxa1 27. Bxa1 Nf6 $15 {[%csl Ye4]}) 26...
Rxa8 27. d4 Nf6 $1 {[%cal Rb7e4]} 28. Rd1 $2 {Weiß findet keine vernünftige
Verteidigung gegen 28...Be4 mit Damengewinn. Die Partiefortsetzung verliert
den wichtigen b3-Bauern.} (28. dxc5 $5 Bxc5 29. e3 Be4 {Es scheint nur, daß
Weiß die Dame verliert.} 30. Nd7 $8 Nxd7 31. Qxe4 $11) 28... Be4 29. Qc1 Bc2
30. Rd2 Bxb3 $17 31. Nxf7 $5 Bd5 $1 {Der scheinbar aktive weiße Springer steht
nicht gut.} (31... Kxf7 $2 32. Ne5+ $18 {[%cal Rg2a8]}) 32. N7e5 (32. N3e5 $6
Bxg2 33. Kxg2 Rf8 {[%csl Rf7]}) 32... c4 {[%csl Gb5,Gc4] Die beiden schwarzen
Freibauern sind gefährliche, weil Weiß nichts am Königsflügel hat.} 33. Rd1 Qb7
{[%cal Gb7g2]} 34. Ng6 Bd6 35. Nf4 Bxf4 36. Qxf4 {Endlich hat Weiß die Dame
aktivieren können, aber dei schwarze Vorteil am Damenflügel ist beachtlich
groß.} Na2 37. Nh4 c3 38. Bc1 Bxg2 39. Nxg2 b4 40. Qd6 {Weiß kann sich der
starken Freibauern nicht erwehren.} c2 $19 41. Re1 (41. Qxe6+ Qf7 42. Qxf7+
Kxf7 43. Re1 Nxc1 44. Rxc1 b3 $19) 41... Qa6 42. Qe7 Nxc1 43. Rxc1 b3 44. Nf4
b2 45. Rf1 Re8 {Das ist der einfachste Weg, aber praktisch jeder Zug gewinnt.
Weiß gab in verlorener Stellung auf. Ribli.} (45... c1=Q 46. Nxe6 Qxf1+ 47.
Kxf1 b1=Q+ 48. Kg2 Qg6 $19) 0-1